[Event "Asian Nations Cup w 2016"]
[Site "Abu Dhabi UAE"]
[Date "2016.04.01"]
[Round "5.4"]
[White "Guo, Qi"]
[Black "Bashaer, Khalil"]
[Result "1-0"]
[WhiteTitle "IM"]
[BlackTitle "WCM"]
[WhiteElo "2435"]
[BlackElo "1549"]
[WhiteTeam "China"]
[BlackTeam "UAE - 2"]
[WhiteFideId "8604002"]
[BlackFideId "9304843"]
[EventDate "2016.03.28"]
[EventType "team"]

1. d4 d5 2. c4 e6 3. Nc3 Nf6 4. Nf3 Nbd7 5. Bf4 c6 6. e3 Qa5 7. Nd2 Bb4 8. Qc2
O-O 9. Bd3 c5 10. O-O cxd4 11. exd4 Be7 12. c5 h6 13. a3 Nh5 14. b4 Qd8 15. Be3
Qc7 16. Rfe1 b6 17. Nf3 bxc5 18. bxc5 Rb8 19. Nb5 Qa5 20. Bd2 Qa6 21. Rab1 Bb7
22. Nd6 Qc6 23. Nxb7 Rxb7 24. Rxb7 Qxb7 25. c6 Qc7 26. cxd7 Qxd7 27. Ne5 Qb7 28.
Rb1 1-0

[Event "Asian Nations Cup w 2016"]
[Site "Abu Dhabi UAE"]
[Date "2016.04.01"]
[Round "5.1"]
[White "Khademalsharieh, Sarasadat"]
[Black "Ranasinghe, S D"]
[Result "1-0"]
[WhiteTitle "IM"]
[BlackTitle "WIM"]
[WhiteElo "2450"]
[BlackElo "1740"]
[WhiteTeam "Iran"]
[BlackTeam "Sri Lanka"]
[WhiteFideId "12512214"]
[BlackFideId "9902651"]
[EventDate "2016.03.28"]
[EventType "team"]

1. d4 d5 2. c4 e6 3. Nc3 Be7 4. Nf3 Nf6 5. Bf4 Nbd7 6. e3 O-O 7. Rc1 a6 8. c5 b6
9. b4 a5 10. c6 Nb8 11. b5 Bb4 12. Nd2 a4 13. Bd3 Ne8 14. O-O Nd6 15. Qc2 Ra5
16. Rb1 Bxc3 17. Qxc3 g5 18. Bg3 f5 19. f3 f4 20. Bf2 Nf5 21. e4 Ne3 22. Rfe1
dxe4 23. Bxe4 Nd5 24. Qc2 Nf6 25. Nc4 Ra7 26. Bd3 Kg7 27. Re5 h6 28. h3 Qe8 29.
Nd2 Nd5 30. a3 Qe7 31. Qb2 Qf7 32. Rbe1 Ne7 33. d5 1-0

[Event "Asian Nations Cup w 2016"]
[Site "Abu Dhabi UAE"]
[Date "2016.04.01"]
[Round "5.2"]
[White "Udupitiya, U G S S S"]
[Black "Pourkashiyan, Atousa"]
[Result "0-1"]
[BlackTitle "WGM"]
[WhiteElo "1709"]
[BlackElo "2372"]
[WhiteTeam "Sri Lanka"]
[BlackTeam "Iran"]
[WhiteFideId "9904921"]
[BlackFideId "12502014"]
[EventDate "2016.03.28"]
[EventType "team"]

1. e4 c5 2. Nf3 e6 3. d4 cxd4 4. Nxd4 a6 5. Nc3 Qc7 6. Bd3 Bc5 7. Nb3 Be7 8. Qg4
g6 9. Qe2 d6 10. a4 b6 11. O-O Bb7 12. Kh1 Nd7 13. f3 h5 14. Rd1 h4 15. Be3 Ngf6
16. Nd2 Kf8 17. Nc4 h3 18. g3 d5 19. Nd2 Nc5 20. e5 Nfd7 21. Bd4 Nb8 22. Ncb1
Nc6 23. c3 Rc8 24. Bc2 Nd7 25. Nb3 Ndxe5 26. Re1 Bf6 27. N1d2 Kg7 28. Kg1 Nxd4
29. Nxd4 Nc6 30. Nxc6 Qxc6 31. Bd3 a5 32. Bb5 Qc5+ 33. Kf1 d4 34. cxd4 Qxd4 35.
Nc4 Bd5 36. Ne3 Qxb2 37. Rab1 Qxe2+ 38. Bxe2 Ba2 39. Rb5 Bd4 40. Ng4 Rc2 41. Ne5
Rhc8 42. Nd3 Bc4 0-1

[Event "Asian Nations Cup w 2016"]
[Site "Abu Dhabi UAE"]
[Date "2016.04.01"]
[Round "5.3"]
[White "Zahedifar, Anahita"]
[Black "Wickramasinghe, Dilhara Ishini"]
[Result "1-0"]
[WhiteTitle "WFM"]
[BlackTitle "WFM"]
[WhiteElo "2112"]
[BlackElo "1757"]
[WhiteTeam "Iran"]
[BlackTeam "Sri Lanka"]
[WhiteFideId "12560715"]
[BlackFideId "9906738"]
[EventDate "2016.03.28"]
[EventType "team"]

1. d4 Nf6 2. c4 g6 3. Nc3 Bg7 4. e4 d6 5. f3 a6 6. Be3 c6 7. Qd2 b5 8. cxb5 axb5
9. Bd3 Nbd7 10. Nge2 Qa5 11. g4 Nb6 12. Ng3 h5 13. g5 Nfd7 14. Nd1 Qa7 15. Qf2
Qb8 16. f4 Nc4 17. f5 Nxe3 18. Qxe3 h4 19. Ne2 gxf5 20. exf5 Kf8 21. Be4 Bb7 22.
Qf3 Ra6 23. Ne3 Rb6 24. Rd1 c5 25. Nd5 Bxd5 26. Bxd5 cxd4 27. Nf4 Ne5 28. Qe4
Qa7 29. g6 Bh6 30. gxf7 Bxf4 31. Rg1 Bg3+ 32. hxg3 h3 33. Rc1 Rb8 34. Kf1 d3 35.
g4 Qa5 36. Qe3 h2 37. Rh1 Nxg4 38. Qg5 Nf6 39. Rxh2 e5 40. Rxh8+ Ke7 41. Rxb8 d2
42. f8=Q+ Kd7 43. Qgg7# 1-0

[Event "Asian Nations Cup w 2016"]
[Site "Abu Dhabi UAE"]
[Date "2016.04.01"]
[Round "5.4"]
[White "Mendis, Dasuni Hansika"]
[Black "Alavi, Homa"]
[Result "0-1"]
[WhiteTitle "WCM"]
[WhiteElo "1739"]
[BlackElo "1974"]
[WhiteTeam "Sri Lanka"]
[BlackTeam "Iran"]
[WhiteFideId "9907696"]
[BlackFideId "12507547"]
[EventDate "2016.03.28"]
[EventType "team"]

1. d4 d5 2. c4 e6 3. Nc3 Be7 4. cxd5 exd5 5. Qc2 Nf6 6. Bg5 c6 7. e3 O-O 8. Bd3
Nbd7 9. Nge2 Re8 10. h3 Nf8 11. O-O-O Ne4 12. Bxe7 Qxe7 13. Nf4 Nd6 14. Nfxd5
cxd5 15. Nxd5 Qg5 16. Nc7 Be6 17. Nxe8 Rxe8 18. Kb1 Rc8 19. Qe2 Qd5 20. b3 Qxg2
21. e4 Qg5 22. d5 Bd7 23. Rdg1 Qe5 24. Qe3 Ng6 25. Rg5 Qf4 26. e5 Rc3 27. Rd1
Nb5 28. Qxf4 Nxf4 29. Bxb5 Bxb5 30. h4 h6 31. Rgg1 Rc5 32. d6 Ne2 33. Rge1 Nc3+
34. Ka1 Nxd1 35. Rxd1 Bd7 36. f4 Kf8 37. Kb2 Ke8 38. Rd4 f6 39. Re4 fxe5 40.
fxe5 Kf7 41. b4 Rd5 42. Kc3 Ke6 43. Rg4 Kxe5 44. Rxg7 Rxd6 45. a3 Bc6 46. Rg4
Rf6 47. Rc4 Rf3+ 48. Kb2 Rf4 49. Rc5+ Bd5 50. Kc3 0-1

[Event "Asian Nations Cup w 2016"]
[Site "Abu Dhabi UAE"]
[Date "2016.04.01"]
[Round "5.1"]
[White "Saleh, Nora Mohd"]
[Black "Saduakassova, Dinara"]
[Result "1/2-1/2"]
[WhiteTitle "WIM"]
[BlackTitle "WGM"]
[WhiteElo "1920"]
[BlackElo "2411"]
[WhiteTeam "UAE - 1"]
[BlackTeam "Kazakhstan"]
[WhiteFideId "9301607"]
[BlackFideId "13700090"]
[EventDate "2016.03.28"]
[EventType "team"]

1. d4 Nf6 2. c4 c5 3. d5 b5 4. cxb5 a6 5. b6 d6 6. Nc3 Nbd7 7. a4 Qxb6 8. a5 Qc7
9. Nf3 g6 10. e4 Bg7 11. Be2 Rb8 12. O-O O-O 13. Nd2 Rb4 14. Nc4 Ne5 15. Nxe5
dxe5 16. f3 Ne8 17. Qc2 Nd6 18. b3 f5 19. Bd2 c4 20. bxc4 Nxc4 21. Na4 Qa7+ 22.
Nb6 Nxd2 23. Qxd2 Rd4 24. Qc2 Bd7 25. Kh1 Be8 26. Ra3 Bh6 27. Rd1 fxe4 28. Rxd4
exd4 29. Qxe4 Qc7 30. Bc4 Bf7 31. Qxd4 Bf4 32. g3 Bd6 33. Rb3 Rb8 34. Rb1 Bc5
35. Qd3 Bxb6 36. axb6 Rxb6 37. Rxb6 Qxb6 38. Bxa6 Qf2 39. Bc4 Kf8 40. Qd1 Kg7
41. Qd3 1/2-1/2

[Event "Asian Nations Cup w 2016"]
[Site "Abu Dhabi UAE"]
[Date "2016.04.01"]
[Round "5.2"]
[White "Abdumalik, Zhansaya"]
[Black "Al-Zarouni, Kholoud Essa"]
[Result "1-0"]
[WhiteTitle "WGM"]
[BlackTitle "WIM"]
[WhiteElo "2381"]
[BlackElo "1861"]
[WhiteTeam "Kazakhstan"]
[BlackTeam "UAE - 1"]
[WhiteFideId "13703544"]
[BlackFideId "9301194"]
[EventDate "2016.03.28"]
[EventType "team"]

1. e4 e5 2. Nf3 Nc6 3. Bb5 a6 4. Ba4 Nf6 5. O-O b5 6. Bb3 Bb7 7. Re1 Bc5 8. c3
d6 9. d4 Bb6 10. Be3 O-O 11. Nbd2 h6 12. h3 Re8 13. d5 Ne7 14. Bxb6 cxb6 15. c4
Ng6 16. cxb5 axb5 17. Qe2 Nf4 18. Qe3 N6h5 19. Nf1 Rc8 20. Kh2 Qd7 21. Nh4 g6
22. Ng3 Ng7 23. Qxb6 Rc5 24. Rec1 Rec8 25. Rxc5 Rxc5 26. a4 Bc8 27. a5 Ne8 28.
a6 Qc7 29. Qa5 Qa7 30. Qd8 Kf8 31. Bd1 Rc7 32. Be2 Qxf2 33. a7 Nxe2 34. Nxe2 Rc2
35. a8=Q Qxe2 36. Qaxc8 1-0

[Event "Asian Nations Cup w 2016"]
[Site "Abu Dhabi UAE"]
[Date "2016.04.01"]
[Round "5.3"]
[White "Abeer, Ali"]
[Black "Davletbayeva, Madina"]
[Result "0-1"]
[WhiteTitle "WCM"]
[BlackTitle "WIM"]
[WhiteElo "1644"]
[BlackElo "2295"]
[WhiteTeam "UAE - 1"]
[BlackTeam "Kazakhstan"]
[WhiteFideId "9302930"]
[BlackFideId "13703595"]
[EventDate "2016.03.28"]
[EventType "team"]

1. e4 Nf6 2. e5 Nd5 3. d4 d6 4. exd6 exd6 5. c4 Nb6 6. h3 Be7 7. Nf3 Bf5 8. Bd3
Qd7 9. Qc2 Bxd3 10. Qxd3 Qe6+ 11. Qe3 Nxc4 12. Qxe6 fxe6 13. O-O Nc6 14. b3 Nb6
15. Be3 a5 16. a4 Nd5 17. Na3 Rf8 18. Rfd1 Kd7 19. Rac1 Rf5 20. Nb5 Raf8 21. Rc4
g5 22. Rc2 h5 23. Nc3 Ncb4 24. Rcc1 g4 25. hxg4 hxg4 26. Nxd5 Nxd5 27. Nh2 g3
28. Nf3 gxf2+ 29. Kxf2 Nxe3 30. Kxe3 Bg5+ 31. Nxg5 Rxg5 32. Rc2 Rg3+ 33. Kd2
Rxg2+ 34. Kc1 Rxc2+ 35. Kxc2 Kc6 36. Rd3 Kd5 37. Kc3 Ke4 0-1

[Event "Asian Nations Cup w 2016"]
[Site "Abu Dhabi UAE"]
[Date "2016.04.01"]
[Round "5.4"]
[White "Zhylkaidarova, Sholpan"]
[Black "Al Maamari, Wafia Darwish"]
[Result "1-0"]
[WhiteTitle "WFM"]
[BlackTitle "WCM"]
[WhiteElo "2176"]
[BlackElo "1491"]
[WhiteTeam "Kazakhstan"]
[BlackTeam "UAE - 1"]
[WhiteFideId "13700138"]
[BlackFideId "9305734"]
[EventDate "2016.03.28"]
[EventType "team"]

1. d4 Nf6 2. c4 g6 3. Nc3 d5 4. cxd5 Nxd5 5. e4 Nxc3 6. bxc3 Bg7 7. Bc4 c5 8.
Be3 O-O 9. Ne2 Nc6 10. O-O Qc7 11. Qc1 Rd8 12. Rd1 Na5 13. Bd3 e6 14. Bg5 f6 15.
Be3 c4 16. Bc2 b6 17. Nf4 f5 18. f3 Qf7 19. Qd2 Nb7 20. Qe2 Qc7 21. Rab1 Nd6 22.
e5 Ne8 23. Rb4 Qf7 24. Qxc4 Nc7 25. Rbb1 Nd5 26. Nxd5 Rxd5 27. Bb3 Rd8 28. f4
Bd7 29. d5 Re8 30. Qc7 Bf8 31. dxe6 Bxe6 32. Qxf7+ Kxf7 33. Rd7+ Re7 34. Rbd1
Re8 35. Kf2 Rxd7 36. Rxd7+ Re7 37. Rxe7+ Kxe7 38. Ke2 Kd7 39. Kd3 Be7 40. Bxe6+
Kxe6 41. Kc4 Kd7 42. Kd5 Bd8 43. Bd4 h6 44. e6+ Ke7 45. Bg7 h5 46. Bh6 Bc7 47.
Bg5+ Ke8 48. Kc6 Bb8 49. c4 h4 50. h3 a5 51. Kxb6 a4 52. c5 a3 53. Kb7 1-0

[Event "Asian Nations Cup w 2016"]
[Site "Abu Dhabi UAE"]
[Date "2016.04.01"]
[Round "5.2"]
[White "Hoang, Thi Bao Tram"]
[Black "Tania, Sachdev"]
[Result "1-0"]
[WhiteTitle "WGM"]
[BlackTitle "IM"]
[WhiteElo "2283"]
[BlackElo "2370"]
[WhiteTeam "Vietnam"]
[BlackTeam "India"]
[WhiteFideId "12401102"]
[BlackFideId "5007844"]
[EventDate "2016.03.28"]
[EventType "team"]

1. d4 Nf6 2. c4 e6 3. Nc3 Bb4 4. Qc2 c5 5. dxc5 O-O 6. Bg5 Bxc5 7. e3 h6 8. Bh4
b6 9. Nf3 Bb7 10. Rd1 Be7 11. Be2 Na6 12. O-O Nc5 13. Rd4 d6 14. Rfd1 Ncd7 15.
Bg3 e5 16. R4d2 Qe8 17. Bh4 g5 18. Bg3 Nc5 19. Nb5 Nce4 20. Nc7 Qc6 21. Nxa8
Nxd2 22. Rxd2 Rxa8 23. Ne1 Ne4 24. Rd5 Nf6 25. Rd1 Rc8 26. Qd3 Qc7 27. f3 Nh5
28. Bf2 Ng7 29. e4 Ne6 30. Qd2 Nf4 31. Bf1 Qd7 32. Be3 Ne6 33. b3 Qc7 34. Nc2
Rf8 35. Na3 Bc6 36. Nb5 Bxb5 37. cxb5 Rc8 38. Bc4 Kg7 39. Qf2 Bf6 40. Qg3 Nd4
41. Rd2 Kf8 42. Qh3 Bg7 43. Qh5 Qe7 44. h4 gxh4 45. Bxh6 Bxh6 46. Qxh6+ Ke8 47.
f4 Kd7 48. fxe5 dxe5 49. Rf2 Rf8 50. Rf6 Qb4 51. Kh2 Kc7 52. Qxh4 Nxb5 53. Rf5
Nd4 54. Rxe5 Kb8 55. Qf6 Rc8 56. Ba6 Rg8 57. Rh5 Re8 58. Qf4+ Ka8 59. Qxf7 1-0

[Event "Asian Nations Cup w 2016"]
[Site "Abu Dhabi UAE"]
[Date "2016.04.01"]
[Round "5.3"]
[White "Padmini, Rout"]
[Black "Nguyen, Thi Mai Hung"]
[Result "1/2-1/2"]
[WhiteTitle "IM"]
[BlackTitle "WGM"]
[WhiteElo "2439"]
[BlackElo "2282"]
[WhiteTeam "India"]
[BlackTeam "Vietnam"]
[WhiteFideId "5029295"]
[BlackFideId "12401676"]
[EventDate "2016.03.28"]
[EventType "team"]

1. e4 c5 2. Nf3 g6 3. c3 Bg7 4. d4 cxd4 5. cxd4 d5 6. e5 Bg4 7. Nbd2 Nc6 8. Bd3
f6 9. exf6 exf6 10. O-O Nge7 11. Re1 O-O 12. Qb3 Qd7 13. h3 Bf5 14. Bf1 Kh8 15.
a3 Rae8 16. Qd1 Nc8 17. Rxe8 Rxe8 18. b4 Nd6 19. Bb2 Ne4 20. Qb3 Bh6 21. Nxe4
Bxe4 22. Ne1 Re7 23. Nd3 Bf5 24. Bc3 Nd8 25. b5 Ne6 26. Nc5 Nxc5 27. dxc5 Bg7
28. Rd1 Be6 29. Bc4 Re8 30. Qb2 Qf7 31. Bf1 Rc8 32. Bd4 f5 33. Re1 Re8 34. c6
bxc6 35. bxc6 Bxd4 36. Qxd4+ Kg8 37. Ba6 Qc7 38. Rxe6 Rxe6 39. Qxd5 Qxc6 40. Bc4
Qxd5 41. Bxd5 Kf7 42. Kf1 Ke7 43. Bxe6 Kxe6 44. Ke2 Kd5 45. Kd3 g5 46. f3 f4 47.
Kc3 Kc5 48. Kd3 Kb5 49. Kc3 Kc5 1/2-1/2

[Event "Asian Nations Cup w 2016"]
[Site "Abu Dhabi UAE"]
[Date "2016.04.01"]
[Round "5.4"]
[White "Nguyen, Thi Thanh An"]
[Black "Soumya, Swaminathan"]
[Result "0-1"]
[WhiteTitle "WGM"]
[BlackTitle "WGM"]
[WhiteElo "2239"]
[BlackElo "2384"]
[WhiteTeam "Vietnam"]
[BlackTeam "India"]
[WhiteFideId "12400300"]
[BlackFideId "5016193"]
[EventDate "2016.03.28"]
[EventType "team"]

1. d4 Nf6 2. c4 g6 3. g3 Bg7 4. Bg2 d5 5. cxd5 Nxd5 6. e4 Nb6 7. Ne2 c5 8. d5
O-O 9. O-O e6 10. Nec3 Na6 11. a3 exd5 12. exd5 Bf5 13. Nd2 Qd7 14. Nde4 Bh3 15.
Qf3 Bxg2 16. Kxg2 f5 17. Ng5 Bxc3 18. Qxc3 Nxd5 19. Qb3 Qc6 20. Kg1 c4 21. Qc2
b5 22. Bd2 Nc5 23. Rae1 Rfe8 24. h4 Nd3 25. Rxe8+ Rxe8 26. Bc3 f4 27. Bd4 fxg3
28. fxg3 Ne3 29. Bxe3 Rxe3 30. Kh2 Qe8 31. Qc3 h6 32. Nf7 Re2+ 33. Kh3 Qe6+ 0-1

[Event "Asian Nations Cup w 2016"]
[Site "Abu Dhabi UAE"]
[Date "2016.04.01"]
[Round "5.1"]
[White "Nomin-Erdene, Davaademberel"]
[Black "Muminova, Nafisa"]
[Result "1/2-1/2"]
[WhiteTitle "IM"]
[BlackTitle "WGM"]
[WhiteElo "2489"]
[BlackElo "2318"]
[WhiteTeam "Mongolia"]
[BlackTeam "Uzbekistan"]
[WhiteFideId "4900782"]
[BlackFideId "14201526"]
[EventDate "2016.03.28"]
[EventType "team"]

1. e4 e6 2. d4 d5 3. Nc3 Nf6 4. e5 Nfd7 5. f4 c5 6. Nf3 Nc6 7. Be3 Qb6 8. a3
cxd4 9. Nxd4 Bc5 10. Na4 Qa5+ 11. c3 Bxd4 12. Bxd4 Nxd4 13. Qxd4 b6 14. Qb4 Qxb4
15. axb4 Bb7 16. Bb5 Ke7 17. Kd2 Nb8 18. Ra2 Rd8 19. Rha1 Nc6 20. Bxc6 Bxc6 21.
g3 Rac8 22. b3 Rc7 23. Nb2 Rdd7 24. Nd3 Kd8 25. Ne1 d4 26. c4 Be4 27. Ke2 Kc8
28. Rd2 b5 29. Rc1 bxc4 30. bxc4 Rb7 31. b5 Rbc7 32. Nd3 Bxd3+ 33. Kxd3 Rc5 34.
Ke4 Rdc7 35. Rdc2 Rd7 36. Rd1 Rdc7 37. Kd3 a6 38. b6 Rd7 39. Ke4 Rc6 40. Rxd4
Rxb6 41. Rxd7 Kxd7 42. Rd2+ Kc7 43. Kd4 Rb1 44. Kc5 Ra1 45. g4 Ra5+ 46. Kb4 Ra1
47. f5 Re1 48. fxe6 fxe6 49. Rf2 Rxe5 50. Rf7+ Kc6 51. Rxg7 a5+ 52. Kc3 Re3+ 53.
Kd4 Rh3 54. Ra7 Rxh2 55. Ra6+ Kb7 56. Rxe6 a4 57. Kc5 a3 58. Re7+ Kb8 59. Re8+
Kb7 60. Re7+ Kb8 61. Re3 a2 62. Rb3+ Kc7 63. Ra3 Rg2 64. Ra7+ Kb8 65. Ra3 Rxg4
66. Rxa2 h5 67. Rf2 Rg5+ 68. Kd4 Kc7 69. Rf6 h4 70. Rh6 Rg4+ 71. Kc5 Rg5+ 72.
Kb4 Rg4 73. Kb5 Rg5+ 74. c5 Rg7 75. Rxh4 Rg6 76. Rf4 Rh6 77. Rf7+ Kc8 78. Ra7
Rg6 79. Ra4 Kc7 80. Rc4 Rh6 81. Rf4 Rg6 82. Rf7+ Kc8 83. c6 Rg1 84. Rf5 Rb1+ 85.
Kc5 Rc1+ 86. Kd6 Rd1+ 87. Rd5 Rxd5+ 88. Kxd5 Kc7 89. Kc5 Kc8 90. Kd6 Kd8 91. c7+
Kc8 92. Kc6 1/2-1/2

[Event "Asian Nations Cup w 2016"]
[Site "Abu Dhabi UAE"]
[Date "2016.04.01"]
[Round "5.2"]
[White "Kurbonboeva, Sarvinoz"]
[Black "Batchimeg, Tuvshintugs"]
[Result "1/2-1/2"]
[WhiteTitle "WIM"]
[BlackTitle "IM"]
[WhiteElo "2172"]
[BlackElo "2395"]
[WhiteTeam "Uzbekistan"]
[BlackTeam "Mongolia"]
[WhiteFideId "14201780"]
[BlackFideId "4900839"]
[EventDate "2016.03.28"]
[EventType "team"]

1. d4 Nf6 2. c4 c5 3. d5 b5 4. cxb5 a6 5. bxa6 g6 6. Nc3 Bxa6 7. g3 Bg7 8. Bg2
d6 9. Nf3 O-O 10. O-O Nbd7 11. Rb1 Qa5 12. Bd2 Bb7 13. b3 Qa3 14. Bc1 Qb4 15.
Bb2 Rfb8 16. Ne1 Ba6 17. Nc2 Qa5 18. Ne3 c4 19. Ba1 cxb3 20. Rxb3 Rc8 21. Qd2
Nc5 22. Rbb1 Na4 23. Rfc1 Nd7 24. Ned1 Ne5 25. Rc2 Nc4 26. Qc1 Nc5 27. a4 Nxa4
28. Nxa4 Qxa4 29. Bxg7 Kxg7 30. Nb2 Nxb2 31. Qxb2+ Kg8 32. Rbc1 Rxc2 33. Qxc2
Qb5 34. Bf3 Qb4 35. Qc3 Qxc3 36. Rxc3 Bb5 37. Rc2 f5 38. Kg2 Kf7 39. Rb2 Bc4 40.
Rb4 Rc8 41. h4 Rc5 42. Rb7 Bxd5 43. Bxd5+ Rxd5 44. f4 Kf6 45. Kf3 Rc5 46. Ra7
Rc3+ 47. Kf2 Rc8 48. Kf3 h6 49. Rd7 Rg8 50. Ra7 Rg7 51. Ra5 g5 52. hxg5+ hxg5
53. g4 fxg4+ 54. Kxg4 gxf4+ 55. Kxf4 Rg2 56. Kf3 Rg5 57. Ra6 Rf5+ 58. Ke4 Re5+
59. Kd3 Kf5 60. Ra8 Rb5 61. e3 Rb3+ 62. Ke2 d5 63. Ra5 e6 64. Ra4 Ke5 65. Ra6
Rc3 66. Kd2 Rc4 67. Kd3 Kf5 68. Ra5 Re4 69. Rc5 Ra4 70. Rb5 Ra3+ 71. Ke2 Kf6 72.
Rc5 Ke7 73. Rb5 Kd7 74. Kd2 Kc6 75. Rb8 e5 76. Rc8+ Kd7 77. Rh8 e4 78. Rh6 Rd3+
79. Ke2 Rc3 80. Kd2 Rc6 81. Rh7+ Kd6 82. Rh6+ Kc5 83. Rh8 Kc4 84. Rd8 Rc5 85.
Re8 Ra5 86. Rc8+ Kb5 87. Rb8+ Kc6 88. Rc8+ Kd7 89. Rh8 Ra2+ 90. Kc3 Ra3+ 91. Kd2
Ra2+ 92. Kc3 Re2 93. Kd4 Rd2+ 94. Ke5 Kc6 95. Rc8+ Kb5 96. Rc7 Kb4 97. Rc8 Rd3
98. Rc7 Kb3 99. Rc5 Rxe3 100. Kxd5 Re1 101. Kd4 e3 102. Re5 Kc2 103. Rxe3 Rxe3 1/2-1/2

[Event "Asian Nations Cup w 2016"]
[Site "Abu Dhabi UAE"]
[Date "2016.04.01"]
[Round "5.3"]
[White "Amina, Battsooj"]
[Black "Gevorgyan, Irina"]
[Result "0-1"]
[BlackTitle "WIM"]
[WhiteElo "2250"]
[BlackElo "2281"]
[WhiteTeam "Mongolia"]
[BlackTeam "Uzbekistan"]
[WhiteFideId "4902661"]
[BlackFideId "14201437"]
[EventDate "2016.03.28"]
[EventType "team"]

1. e4 c6 2. d4 d5 3. Nd2 dxe4 4. Nxe4 Bf5 5. Ng3 Bg6 6. Bc4 e6 7. N1e2 Bd6 8.
Nf4 Nf6 9. Qe2 Qc7 10. Nd3 Nbd7 11. Bd2 O-O 12. O-O e5 13. dxe5 Nxe5 14. Nxe5
Bxe5 15. c3 Rfe8 16. Qf3 Rad8 17. Be3 b5 18. Bb3 c5 19. Rac1 c4 20. Bc2 Nd5 21.
Bxg6 hxg6 22. Rfe1 Bf4 23. Bxf4 Nxf4 24. Rxe8+ Rxe8 25. Rd1 Nd3 26. b3 Qe5 27.
bxc4 bxc4 28. Qc6 Qe6 29. Qxe6 Rxe6 30. Rd2 Re1+ 31. Nf1 f5 32. Rc2 g5 33. f3 a5
34. g3 a4 35. Kg2 a3 36. Rd2 f4 37. Rc2 Rb1 38. Kg1 Ra1 39. g4 Kf7 40. h3 Ne1
41. Re2 Rc1 42. Re4 Nxf3+ 43. Kf2 Rxf1+ 0-1

[Event "Asian Nations Cup w 2016"]
[Site "Abu Dhabi UAE"]
[Date "2016.04.01"]
[Round "5.4"]
[White "Tokhirjonova, Gulrukhbegim"]
[Black "Enkhtuul, Altan-Ulzii"]
[Result "1-0"]
[WhiteTitle "WIM"]
[BlackTitle "WGM"]
[WhiteElo "2259"]
[BlackElo "2209"]
[WhiteTeam "Uzbekistan"]
[BlackTeam "Mongolia"]
[WhiteFideId "14203626"]
[BlackFideId "4901444"]
[EventDate "2016.03.28"]
[EventType "team"]

1. e4 c5 2. Nf3 d6 3. d4 cxd4 4. Qxd4 Nc6 5. Bb5 Bd7 6. Bxc6 Bxc6 7. Nc3 h6 8.
Qd3 g6 9. Nd4 Bg7 10. Be3 Nf6 11. f3 Nd7 12. Qe2 a6 13. O-O-O Rc8 14. Kb1 b5 15.
Nxc6 Rxc6 16. Nd5 Rc4 17. b3 Qb8 18. Qf2 Rc6 19. Bd4 e5 20. Bb2 Nf6 21. h4 Nxd5
22. Rxd5 O-O 23. h5 g5 24. Rhd1 f5 25. exf5 Rxf5 26. Qd2 Kf7 27. Rxe5 Bxe5 28.
Qd5+ Ke7 29. Qxc6 Bxb2 30. Kxb2 Re5 31. Qc3 Rc5 32. Qg7+ Ke6 33. Qxh6+ Kd7 34.
Qf6 Kc6 35. h6 Re5 36. h7 Re8 37. Qxg5 Qc7 38. Qd5+ Kb6 39. Qxd6+ Kb7 40. Qxc7+
Kxc7 41. Rh1 Rh8 42. Rh6 a5 43. g4 a4 44. g5 b4 45. bxa4 1-0

[Event "Asian Nations Cup w 2016"]
[Site "Abu Dhabi UAE"]
[Date "2016.04.02"]
[Round "6.1"]
[White "Ju, Wenjun"]
[Black "Muminova, Nafisa"]
[Result "0-1"]
[WhiteTitle "GM"]
[BlackTitle "WGM"]
[WhiteElo "2568"]
[BlackElo "2318"]
[WhiteTeam "China"]
[BlackTeam "Uzbekistan"]
[WhiteFideId "8603006"]
[BlackFideId "14201526"]
[EventDate "2016.03.28"]
[EventType "team"]

1. c4 c6 2. Nf3 d5 3. d4 Nf6 4. Nc3 dxc4 5. a4 Bf5 6. Ne5 Nbd7 7. Nxc4 Qc7 8. g3
e5 9. dxe5 Nxe5 10. Bf4 Nfd7 11. Bg2 f6 12. O-O Nc5 13. e4 Bg6 14. Bxe5 fxe5 15.
f4 Rd8 16. Qe2 exf4 17. gxf4 Be7 18. Ne5 Ne6 19. Nxg6 hxg6 20. Qg4 Kf7 21. e5
Rh4 22. Qg3 Rdh8 23. h3 Kg8 24. Ne4 Qb6+ 25. Kh1 Qxb2 26. Rab1 Qe2 27. Qb3 Qg4
28. Nf2 Qf5 29. Qxb7 Rxh3+ 30. Kg1 Nxf4 31. Rb2 Bc5 32. Qxc6 Rh1+ 33. Bxh1 Qg4+
34. Bg2 Nh3+ 35. Kh2 Nxf2+ 0-1

[Event "Asian Nations Cup w 2016"]
[Site "Abu Dhabi UAE"]
[Date "2016.04.02"]
[Round "6.2"]
[White "Gevorgyan, Irina"]
[Black "Zhao, Xue"]
[Result "1/2-1/2"]
[WhiteTitle "WIM"]
[BlackTitle "GM"]
[WhiteElo "2281"]
[BlackElo "2504"]
[WhiteTeam "Uzbekistan"]
[BlackTeam "China"]
[WhiteFideId "14201437"]
[BlackFideId "8601283"]
[EventDate "2016.03.28"]
[EventType "team"]

1. Nf3 Nf6 2. c4 b6 3. Nc3 Bb7 4. d4 e6 5. a3 d5 6. cxd5 exd5 7. g3 Be7 8. Bg2
c5 9. O-O O-O 10. Bf4 Nbd7 11. Rc1 a6 12. Rc2 Re8 13. Re1 Rc8 14. Bh3 b5 15.
dxc5 Bxc5 16. e3 h6 17. Rd2 Bxa3 18. Nxd5 Nxd5 19. bxa3 Nc3 20. Qb3 Bxf3 21.
Rxd7 Qf6 22. Rd6 Qe7 23. Rd7 Ne2+ 24. Kf1 Nc1 25. Rxe7 Nxb3 26. Rxe8+ Rxe8 27.
Bc7 Nd2+ 28. Kg1 Nc4 29. Ra1 Re7 30. Bd8 Re5 31. Bg2 Bxg2 32. Kxg2 Re8 33. Rd1
Nxa3 34. Ba5 Nc4 35. Ra1 Nxa5 36. Rxa5 Re6 37. Kf3 g5 38. h3 Kf8 39. e4 Ke7 40.
Ke3 f5 41. f3 fxe4 42. fxe4 Kf6 43. Ra1 Rc6 44. h4 gxh4 45. gxh4 Ke5 46. Kd3
Rd6+ 47. Ke3 Rb6 48. Rf1 Rf6 49. Rd1 Rd6 50. Ra1 b4 51. Ra4 Rb6 52. Ra5+ Rb5 53.
Rxa6 b3 54. Ra1 b2 55. Rb1 h5 56. Kd3 Rb4 57. Kc3 Rxe4 58. Rxb2 Rxh4 59. Rf2 Ke4
60. Kd2 Rh1 61. Ke2 h4 62. Rf8 Rg1 63. Kf2 Rg4 64. Re8+ Kf5 65. Rf8+ Ke6 66. Kf3
Rg3+ 67. Kf2 Ke5 68. Rh8 Rg4 1/2-1/2

[Event "Asian Nations Cup w 2016"]
[Site "Abu Dhabi UAE"]
[Date "2016.04.02"]
[Round "6.3"]
[White "Tan, Zhongyi"]
[Black "Tokhirjonova, Gulrukhbegim"]
[Result "1/2-1/2"]
[WhiteTitle "WGM"]
[BlackTitle "WIM"]
[WhiteElo "2518"]
[BlackElo "2259"]
[WhiteTeam "China"]
[BlackTeam "Uzbekistan"]
[WhiteFideId "8603642"]
[BlackFideId "14203626"]
[EventDate "2016.03.28"]
[EventType "team"]

1. d4 d5 2. c4 c6 3. Nf3 Nf6 4. Nc3 dxc4 5. a4 Bf5 6. e3 e6 7. Bxc4 Bb4 8. O-O
Nbd7 9. Qe2 Bg6 10. e4 Bxc3 11. bxc3 Nxe4 12. Ba3 Qc7 13. Rfc1 O-O-O 14. a5 Rhe8
15. Rab1 Nxc3 16. Rxc3 Bxb1 17. a6 e5 18. d5 e4 19. axb7+ Kb8 20. Nd4 Ne5 21. d6
Rxd6 22. Bxd6 Qxd6 23. Nf5 Qb4 24. Rb3 Qxc4 25. Qxc4 Nxc4 26. Rxb1 g6 27. Nd4
Ne5 28. Kf1 Re7 29. Re1 Rxb7 30. Rxe4 Rb4 31. g4 c5 32. Rxe5 Rxd4 33. g5 c4 34.
Ke2 Rd7 35. Re3 Kb7 36. Rc3 Rc7 37. Kd2 Kb6 38. Rh3 Kb5 39. Rxh7 Kb4 40. Rh8 Rb7
41. Kc2 a5 42. h4 Rb5 43. h5 gxh5 44. Rxh5 Rf5 45. Rh6 Rxf2+ 46. Kb1 Rf5 47.
Rb6+ Kc3 48. g6 fxg6 49. Rxg6 Rf1+ 50. Ka2 Rf2+ 51. Kb1 a4 52. Rg3+ Kb4 53. Rg8
c3 54. Rb8+ Kc4 55. Rc8+ Kd3 56. Rd8+ Ke3 57. Re8+ Kd3 58. Rd8+ Kc4 59. Rc8+ Kb3
60. Rb8+ Ka3 61. Rc8 Rb2+ 62. Kc1 Kb3 63. Rb8+ Ka2 64. Rc8 Rb3 65. Kc2 a3 66.
Ra8 Rb7 67. Kxc3 Rc7+ 68. Kd2 Kb2 69. Rb8+ Ka1 70. Rb3 a2 71. Rb8 Rh7 72. Kc2
Rh2+ 73. Kc1 Rh1+ 74. Kc2 Rb1 75. Rh8 Rb2+ 76. Kc1 Rb1+ 77. Kc2 1/2-1/2